[Event "AUT-chT2M 2021"]
[Site "Graz"]
[Date "2021.04.11"]
[Round "5.2"]
[White "Kiss, Attila"]
[Black "Kristoferitsch, Daniel"]
[Result "1/2-1/2"]
[WhiteElo "2312"]
[BlackElo "2166"]
[PlyCount "69"]
[EventDate "2021.03.12"]
[EventType "team-tourn"]
[EventRounds "5"]
[EventCountry "AUT"]
[SourceTitle "EXT 2022"]
[Source "ChessBase"]
[SourceDate "2021.10.06"]
[SourceVersion "1"]
[SourceVersionDate "2021.10.06"]
[SourceQuality "1"]
[WhiteTeam "Fuerstenfeld/Hartberg"]
[BlackTeam "Graz Schachfreunde"]
[WhiteTeamCountry "AUT"]
[BlackTeamCountry "AUT"]

1. e4 c5 2. Nf3 e6 3. d4 cxd4 4. Nxd4 Nf6 5. Nc3 Nc6 6. Ndb5 Bc5 7. Nd6+ Ke7 8. Nxc8+ Rxc8 9. Bd3 Re8 10. 0-0 a6 11. Qe1 d6 12. Be3 Bxe3 13. Qxe3 Kf8 14. Rad1 Qc7 15. Rd2 h6 16. Rfd1 Rcd8 17. Be2 Re7 18. h3 d5 19. exd5 exd5 20. Qg3 Qb6 21. Bf3 d4 22. Ne2 Ne4 23. Bxe4 Rxe4 24. c3 dxc3 25. Rxd8+ Nxd8 26. Nxc3 Rd4 27. Rxd4 Qxd4 28. Qc7 Ke8 29. g3 g6 30. h4 h5 31. Kg2 Qd7 32. Qe5+ Qe6 33. Qc7 Qd7 34. Qe5+ Qe6 35. Qc7 1/2-1/2

[Event "Steyr Landesliga 1819"]
[Site "Austria"]
[Date "2019.04.06"]
[Round "11.2"]
[White "Kiss, Attila"]
[Black "Alvir, Aco"]
[Result "1/2-1/2"]
[WhiteElo "2334"]
[BlackElo "2314"]
[PlyCount "40"]
[EventDate "2018.10.06"]
[EventType "team-tourn"]
[EventRounds "11"]
[EventCountry "AUT"]
[SourceTitle "EXT 2021"]
[Source "ChessBase"]
[SourceDate "2020.10.23"]
[SourceVersion "1"]
[SourceVersionDate "2020.10.23"]
[SourceQuality "1"]
[WhiteTeam "Fuerstenfeld/Hartberg"]
[BlackTeam "Pinggau Friedberg"]
[WhiteTeamCountry "AUT"]
[BlackTeamCountry "AUT"]

1. e4 g6 2. d4 Bg7 3. Nf3 c5 4. d5 d6 5. h3 Nf6 6. Nc3 0-0 7. a4 e6 8. Bc4 e5 9. 0-0 a6 10. Re1 Nbd7 11. Bf1 Rb8 12. Nd2 Bh6 13. Nc4 Bxc1 14. Qxc1 Nb6 15. Ne3 Bd7 16. a5 Na8 17. Nc4 Bb5 18. Ne3 Bd7 19. Nc4 Bb5 20. Ne3 Bd7 1/2-1/2

[Event "HUN-chT 1819"]
[Site "Hungary"]
[Date "2019.02.24"]
[Round "6.5"]
[White "Ribli, Zoltan"]
[Black "Kiss, Attila"]
[Result "1/2-1/2"]
[WhiteElo "2537"]
[BlackElo "2333"]
[PlyCount "92"]
[EventDate "2018.11.17"]
[EventType "team-tourn"]
[EventRounds "9"]
[EventCountry "HUN"]
[SourceTitle "CBM 189 Extra"]
[Source "ChessBase"]
[SourceDate "2019.06.03"]
[SourceVersion "1"]
[SourceVersionDate "2019.06.03"]
[SourceQuality "1"]
[WhiteTeam "Aquaprofit"]
[BlackTeam "HVSE Infraplan"]
[WhiteTeamCountry "HUN"]
[BlackTeamCountry "HUN"]

1. Nf3 Nf6 2. c4 e6 3. g3 d5 4. d4 Be7 5. Bg2 0-0 6. 0-0 c6 7. Qc2 b6 8. Nbd2 Bb7 9. e4 Na6 10. a3 c5 11. exd5 exd5 12. dxc5 Nxc5 13. b4 Nce4 14. Nxe4 Nxe4 15. cxd5 Bf6 16. Bb2 Rc8 17. Bxf6 Nxf6 18. Qf5 Qxd5 19. Qxd5 Bxd5 20. Rac1 g6 21. Nd4 Rfd8 22. Bxd5 Rxc1 23. Rxc1 Rxd5 24. Nc6 Rd2 25. Nxa7 Ne4 26. Rf1 Nc3 27. Nc8 b5 28. Re1 Ra2 29. Nd6 Rxa3 30. Re8+ Kg7 31. Re7 Kf6 32. Re3 Ra1+ 33. Kg2 Nd5 34. Rf3+ Ke7 35. Nxf7 Rb1 36. Ng5 h5 37. Rf7+ Ke8 38. Rb7 Rxb4 39. Nf7 Rb2 40. Kf3 b4 41. Ne5 Nc3 42. Nxg6 Nd1 43. Re7+ Kd8 44. Re2 Rxe2 45. Kxe2 Nxf2 46. Nf4 b3 1/2-1/2

[Event "Steyr Landesliga 1718"]
[Site "Austria"]
[Date "2018.03.10"]
[Round "9.2"]
[White "Dietmayer Kraeutler, Marco"]
[Black "Kiss, Attila"]
[Result "1-0"]
[WhiteElo "2272"]
[BlackElo "2357"]
[PlyCount "65"]
[EventDate "2017.09.30"]
[EventType "team-tourn"]
[EventRounds "11"]
[EventCountry "AUT"]
[SourceTitle "EXT 2019"]
[Source "ChessBase"]
[SourceDate "2018.10.10"]
[SourceVersion "1"]
[SourceVersionDate "2018.10.10"]
[SourceQuality "1"]
[WhiteTeam "Graz Schachgesellschaft"]
[BlackTeam "Fuerstenfeld/Hartberg II"]
[WhiteTeamCountry "AUT"]
[BlackTeamCountry "AUT"]

1. d4 Nf6 2. c4 e6 3. Nc3 Bb4 4. Qc2 0-0 5. a3 Bxc3+ 6. Qxc3 b5 7. cxb5 c6 8. Bg5 cxb5 9. e3 Bb7 10. Nf3 h6 11. Bh4 a6 12. Bd3 Nc6 13. 0-0 Rc8 14. Qd2 Na5 15. Bxf6 gxf6 16. e4 Kg7 17. Qf4 Rh8 18. Rac1 Nc6 19. Rc3 Ne7 20. Rfc1 Rxc3 21. Rxc3 d6 22. Bc2 Ng6 23. Qg3 Rg8 24. h4 h5 25. e5 dxe5 26. Bxg6 Kh8 27. Nxe5 fxe5 28. Qxe5+ Rg7 29. Rc7 Qd5 30. Qxd5 Bxd5 31. Rc8+ Rg8 32. Rxg8+ Kxg8 33. Bxh5 1-0

[Event "Steyr Landesliga 1718"]
[Site "Austria"]
[Date "2018.02.03"]
[Round "8.2"]
[White "Kiss, Attila"]
[Black "Birk, Steffen"]
[Result "1/2-1/2"]
[WhiteElo "2357"]
[BlackElo "2202"]
[PlyCount "234"]
[EventDate "2017.09.30"]
[EventType "team-tourn"]
[EventRounds "11"]
[EventCountry "AUT"]
[SourceTitle "EXT 2019"]
[Source "ChessBase"]
[SourceDate "2018.10.10"]
[SourceVersion "1"]
[SourceVersionDate "2018.10.10"]
[SourceQuality "1"]
[WhiteTeam "Fuerstenfeld/Hartberg II"]
[BlackTeam "Graz Schachfreunde II"]
[WhiteTeamCountry "AUT"]
[BlackTeamCountry "AUT"]

1. d4 d5 2. c4 e6 3. Nf3 c6 4. Qc2 dxc4 5. Qxc4 b5 6. Qc2 Bb7 7. e4 Nd7 8. Nc3 a6 9. Be2 c5 10. d5 exd5 11. Nxd5 Ngf6 12. 0-0 Nxd5 13. exd5 Nf6 14. Bg5 Bd6 15. Rad1 h6 16. Bh4 0-0 17. a4 Qd7 18. Bxf6 gxf6 19. Nh4 Bc8 20. axb5 axb5 21. Bd3 Qg4 22. g3 c4 23. Bf5 Qh5 24. Bxc8 Raxc8 25. Nf5 Rfd8 26. Rfe1 Rc5 27. Rd4 Bf8 28. Qe4 b4 29. Ne3 c3 30. Rxb4 c2 31. Rc4 Qg6 32. Qxc2 Qxc2 33. Rxc2 Rxc2 34. Nxc2 Rxd5 35. Re8 Rd1+ 36. Kg2 Rb1 37. Rb8 Kg7 38. Kf3 Bd6 39. Rb6 Be5 40. b4 Rb2 41. Rc6 Kg6 42. Ke4 Bb8 43. f4 Rb3 44. Kd4 Ba7+ 45. Kc4 Rb2 46. Kc3 Rb1 47. Rd6 Bg1 48. Rd2 Kf5 49. h3 Bb6 50. Rd5+ Kg6 51. Rd3 h5 52. Nd4 Rc1+ 53. Kb3 Rg1 54. Nf3 Rb1+ 55. Kc4 Bf2 56. Nh4+ Kh7 57. Nf5 Kg6 58. Ne7+ Kh7 59. Nf5 Kg6 60. Ne7+ Kh7 61. Rf3 Be1 62. Nd5 Rc1+ 63. Kb5 Kg6 64. Ne7+ Kh7 65. Rf1 Rb1 66. Nd5 Kg6 67. Ne7+ Kh7 68. Nd5 Kg6 69. Kc4 Rc1+ 70. Kb3 Rd1 71. Ne7+ Kh7 72. Kc4 Rc1+ 73. Kd5 Rd1+ 74. Kc6 Rc1+ 75. Kd7 Kg7 76. b5 Kf8 77. Nc6 Rd1+ 78. Kc8 Rc1 79. Kd7 Rd1+ 80. Kc8 Rc1 81. Kb7 Ke8 82. Nd4 Kd7 83. Nf3 Rc7+ 84. Ka6 Bxg3 85. Nd4 Rc4 86. Ne2 h4 87. Rf3 Bh2 88. Kb7 Rc7+ 89. Kb6 Rc2 90. Nd4 Bg1 91. Ka6 Ra2+ 92. Kb7 Bxd4 93. Rd3 Ra7+ 94. Kb8 Ra4 95. b6 Kc6 96. b7 Rb4 97. Kc8 Rxb7 98. Rxd4 Rb3 99. Kd8 Rxh3 100. Ke7 Kc5 101. Ra4 Rf3 102. Kxf6 h3 103. f5 h2 104. Rh4 Rf2 105. Ke7 Rxf5 106. Rxh2 Kd5 107. Rd2+ Ke4 108. Rd6 Ke5 109. Ra6 Rf1 110. Ra5+ Kd4 111. Ra4+ Kc3 112. Kd6 Rf5 113. Ke7 Rf1 114. Kd6 f6 115. Ke6 Kd3 116. Ra3+ Kd4 117. Ra4+ Kc5 1/2-1/2

[Event "HUN-chT 1718"]
[Site "Hungary"]
[Date "2017.12.03"]
[Round "3.4"]
[White "Kiss, Attila"]
[Black "Markus, Robert"]
[Result "0-1"]
[WhiteElo "2359"]
[BlackElo "2630"]
[PlyCount "61"]
[EventDate "2017.11.25"]
[EventType "team-tourn"]
[EventRounds "9"]
[EventCountry "HUN"]
[SourceTitle "EXT 2019"]
[Source "ChessBase"]
[SourceDate "2018.10.10"]
[SourceVersion "1"]
[SourceVersionDate "2018.10.10"]
[SourceQuality "1"]
[WhiteTeam "HVSE Infraplan"]
[BlackTeam "Aquaprofit"]
[WhiteTeamCountry "HUN"]
[BlackTeamCountry "HUN"]

1. e4 c5 2. Nf3 e6 3. Nc3 a6 4. g3 b5 5. Bg2 Bb7 6. d4 cxd4 7. Nxd4 Nf6 8. 0-0 b4 9. Na4 Bxe4 10. Bxe4 Nxe4 11. Re1 d5 12. Nxe6 fxe6 13. Qh5+ g6 14. Qe5 Qf6 15. Rxe4 Qxe5 16. Rxe5 Kf7 17. c4 bxc3 18. bxc3 Nd7 19. Re2 Bg7 20. Rb1 Rab8 21. Rxb8 Rxb8 22. Rb2 Rb5 23. Kf1 Ke7 24. Ke2 Kd6 25. Kd1 Kc6 26. Re2 e5 27. c4 dxc4 28. Nc3 Rb4 29. Kc2 Nc5 30. Ba3 Rb7 31. Bxc5 0-1

[Event "HUN-chT 1718"]
[Site "Hungary"]
[Date "2017.11.26"]
[Round "2.7"]
[White "Kiss, Attila"]
[Black "Antal, Gergely"]
[Result "1/2-1/2"]
[WhiteElo "2359"]
[BlackElo "2525"]
[PlyCount "48"]
[EventDate "2017.11.25"]
[EventType "team-tourn"]
[EventRounds "9"]
[EventCountry "HUN"]
[SourceTitle "CBM 181 Extra"]
[Source "ChessBase"]
[SourceDate "2017.12.12"]
[SourceVersion "1"]
[SourceVersionDate "2017.12.12"]
[SourceQuality "1"]
[WhiteTeam "HVSE Infraplan"]
[BlackTeam "DVTK"]
[WhiteTeamCountry "HUN"]
[BlackTeamCountry "HUN"]

1. e4 c6 2. d4 d5 3. Nc3 dxe4 4. Nxe4 Bf5 5. Ng3 Bg6 6. h4 h6 7. Nf3 e6 8. Ne5 Bh7 9. Bd3 Bxd3 10. Qxd3 Nd7 11. f4 Be7 12. Bd2 Nxe5 13. fxe5 Bxh4 14. 0-0-0 Bxg3 15. Qxg3 Ne7 16. Qxg7 Rg8 17. Qh7 Qd5 18. Rhf1 0-0-0 19. Rxf7 Qxa2 20. c3 Qa1+ 21. Kc2 Qa4+ 22. Kc1 Qa1+ 23. Kc2 Qa4+ 24. Kc1 Qa1+ 1/2-1/2

[Event "HUN-chT 1617"]
[Site "Hungary"]
[Date "2017.02.12"]
[Round "6.9"]
[White "Kiss, Attila"]
[Black "Vajda, Szidonia"]
[Result "1/2-1/2"]
[WhiteElo "2371"]
[BlackElo "2365"]
[PlyCount "41"]
[EventDate "2016.10.30"]
[EventType "team-tourn"]
[EventRounds "9"]
[EventCountry "HUN"]
[SourceTitle "EXT 2018"]
[Source "ChessBase"]
[SourceDate "2017.10.13"]
[SourceVersion "1"]
[SourceVersionDate "2017.10.13"]
[SourceQuality "1"]
[WhiteTeam "HVSE Infraplan"]
[BlackTeam "Paks"]
[WhiteTeamCountry "HUN"]
[BlackTeamCountry "HUN"]

1. e4 e5 2. Nf3 Nc6 3. d4 exd4 4. Nxd4 Nf6 5. Nxc6 bxc6 6. e5 Qe7 7. Qe2 Nd5 8. c4 Nb6 9. Nc3 Qe6 10. Qe4 d5 11. exd6 Qxe4+ 12. Nxe4 cxd6 13. Bd2 Be6 14. Rc1 h6 15. Be2 Be7 16. 0-0 0-0 17. Rfd1 Rfe8 18. Kf1 d5 19. cxd5 cxd5 20. Nc5 Bxc5 21. Rxc5 1/2-1/2

[Event "HUN-chT 1617"]
[Site "Hungary"]
[Date "2016.12.11"]
[Round "4.6"]
[White "Seres, Lajos"]
[Black "Kiss, Attila"]
[Result "1/2-1/2"]
[WhiteElo "2390"]
[BlackElo "2371"]
[PlyCount "81"]
[EventDate "2016.10.30"]
[EventType "team-tourn"]
[EventRounds "9"]
[EventCountry "HUN"]
[SourceTitle "EXT 2018"]
[Source "ChessBase"]
[SourceDate "2017.10.13"]
[SourceVersion "1"]
[SourceVersionDate "2017.10.13"]
[SourceQuality "1"]
[WhiteTeam "Penzugyor"]
[BlackTeam "HVSE Infraplan"]
[WhiteTeamCountry "HUN"]
[BlackTeamCountry "HUN"]

1. d4 Nf6 2. Nf3 d5 3. c4 e6 4. Nc3 Nbd7 5. Bg5 c6 6. e3 Qa5 7. Nd2 Bb4 8. Qc2 0-0 9. Be2 c5 10. Bh4 cxd4 11. exd4 dxc4 12. Nxc4 Qd8 13. 0-0 Nb6 14. Rfd1 Bd7 15. Ne4 Be7 16. Nxf6+ Bxf6 17. Bxf6 Qxf6 18. Nxb6 axb6 19. Qc7 Bc6 20. Qxb6 Qg5 21. Bf1 Rfd8 22. a3 Rd5 23. b4 h5 24. g3 h4 25. b5 hxg3 26. hxg3 Bxb5 27. Qxb7 Rad8 28. Bg2 Rxd4 29. Rxd4 Rxd4 30. a4 Bc4 31. a5 Qd8 32. Bf3 Rd2 33. Rc1 Qd4 34. Qb6 Bd5 35. Qxd4 Rxd4 36. Rc8+ Kh7 37. Rd8 Kg6 38. a6 Ra4 39. Bxd5 exd5 40. Rd6+ f6 41. Kg2 1/2-1/2

[Event "HUN-chT 1617"]
[Site "Hungary"]
[Date "2016.11.27"]
[Round "3.8"]
[White "Kiss, Attila"]
[Black "Popovics, Adam"]
[Result "1/2-1/2"]
[WhiteElo "2371"]
[BlackElo "2391"]
[PlyCount "37"]
[EventDate "2016.10.30"]
[EventType "team-tourn"]
[EventRounds "9"]
[EventCountry "HUN"]
[SourceTitle "EXT 2018"]
[Source "ChessBase"]
[SourceDate "2017.10.13"]
[SourceVersion "1"]
[SourceVersionDate "2017.10.13"]
[SourceQuality "1"]
[WhiteTeam "HVSE Infraplan"]
[BlackTeam "Dunaharaszti"]
[WhiteTeamCountry "HUN"]
[BlackTeamCountry "HUN"]

1. e4 c5 2. Nf3 e6 3. Nc3 a6 4. g3 Nc6 5. Bg2 Nf6 6. 0-0 Qc7 7. Re1 d6 8. d4 cxd4 9. Nxd4 Nxd4 10. Qxd4 e5 11. Qd3 h6 12. a4 Be6 13. Be3 Be7 14. a5 Rc8 15. Rec1 0-0 16. Nd5 Nxd5 17. exd5 Bd7 18. c4 f5 19. b4 1/2-1/2

[Event "Steyr Landesliga 1516"]
[Site "Austria"]
[Date "2016.04.23"]
[Round "11.1"]
[White "Kiss, Attila"]
[Black "Schreiner, Peter"]
[Result "1/2-1/2"]
[WhiteElo "2374"]
[BlackElo "2419"]
[PlyCount "39"]
[EventDate "2015.09.26"]
[EventType "team-tourn"]
[EventRounds "11"]
[EventCountry "AUT"]
[SourceTitle "EXT 2017"]
[Source "ChessBase"]
[SourceDate "2016.10.25"]
[SourceVersion "1"]
[SourceVersionDate "2016.10.25"]
[SourceQuality "1"]
[WhiteTeam "Fuerstenfeld/Hartberg"]
[BlackTeam "Graz Schachfreunde"]
[WhiteTeamCountry "AUT"]
[BlackTeamCountry "AUT"]

1. e4 e5 2. Nf3 Nc6 3. Nc3 Nf6 4. d4 exd4 5. Nxd4 Bb4 6. Nxc6 bxc6 7. Bd3 d5 8. exd5 cxd5 9. 0-0 0-0 10. h3 c6 11. Qf3 Bd6 12. Bf4 Rb8 13. b3 Rb4 14. Ne2 Bxf4 15. Nxf4 g5 16. Ne2 g4 17. hxg4 Bxg4 18. Qe3 Re8 19. Qg5+ Kh8 20. Rfe1 1/2-1/2

[Event "Steyr Landesliga 1516"]
[Site "Austria"]
[Date "2016.04.02"]
[Round "9.2"]
[White "Halvax, Georg"]
[Black "Kiss, Attila"]
[Result "1/2-1/2"]
[WhiteElo "2334"]
[BlackElo "2374"]
[PlyCount "30"]
[EventDate "2015.09.26"]
[EventType "team-tourn"]
[EventRounds "11"]
[EventCountry "AUT"]
[SourceTitle "EXT 2017"]
[Source "ChessBase"]
[SourceDate "2016.10.25"]
[SourceVersion "1"]
[SourceVersionDate "2016.10.25"]
[SourceQuality "1"]
[WhiteTeam "Trofaiach Niklasdorf"]
[BlackTeam "Fuerstenfeld/Hartberg"]
[WhiteTeamCountry "AUT"]
[BlackTeamCountry "AUT"]

1. e4 c5 2. Nf3 d6 3. d4 cxd4 4. Nxd4 Nf6 5. Nc3 a6 6. Be3 Nc6 7. h3 e6 8. g4 Be7 9. g5 Nd7 10. h4 Qc7 11. h5 b5 12. g6 Nf6 13. gxf7+ Kxf7 14. Rg1 Bd7 15. Bh3 Nxd4 1/2-1/2

[Event "HUN-chT 1516"]
[Site "Hungary"]
[Date "2016.03.20"]
[Round "6.8"]
[White "Kiss, Attila"]
[Black "Kozak, Adam"]
[Result "1/2-1/2"]
[WhiteElo "2371"]
[BlackElo "2348"]
[PlyCount "36"]
[EventDate "2015.11.07"]
[EventType "team-tourn"]
[EventRounds "11"]
[EventCountry "HUN"]
[SourceTitle "CBM 171 Extra"]
[Source "ChessBase"]
[SourceDate "2016.04.26"]
[SourceVersion "1"]
[SourceVersionDate "2016.04.26"]
[SourceQuality "1"]
[WhiteTeam "HVSE Infraplan"]
[BlackTeam "Budapest Titanok"]
[WhiteTeamCountry "HUN"]
[BlackTeamCountry "HUN"]

1. e4 e5 2. Nf3 Nc6 3. Nc3 Nf6 4. d4 exd4 5. Nxd4 Bb4 6. Nxc6 bxc6 7. Bd3 d6 8. 0-0 Qe7 9. Re1 0-0 10. h3 Bxc3 11. bxc3 Qe5 12. Rb1 Be6 13. c4 Rab8 14. Rb3 Qa5 15. Bd2 Qxa2 16. e5 dxe5 17. Rxe5 Rxb3 18. cxb3 Qb2 1/2-1/2